[Event "Solingen op-A"]
[Site "Solingen"]
[Date "2005.05.27"]
[Round "3"]
[White "Berelowitsch, Alexander"]
[Black "Weeks, Manuel William"]
[Result "1-0"]
[WhiteElo "2542"]
[BlackElo "2238"]
[PlyCount "79"]
[EventDate "2005.05.26"]
[EventType "swiss"]
[EventRounds "7"]
[EventCountry "GER"]
[SourceTitle "EXT 2006"]
[Source "ChessBase"]
[SourceDate "2005.11.24"]
[SourceVersion "1"]
[SourceVersionDate "2005.11.24"]
[SourceQuality "1"]

1. e4 e5 2. Nf3 Nc6 3. Bb5 a6 4. Ba4 Nf6 5. 0-0 Be7 6. Re1 b5 7. Bb3 d6 8. c3 0-0 9. h3 Nb8 10. d3 Nbd7 11. Nbd2 Bb7 12. Nf1 Nc5 13. Bc2 Re8 14. Ng3 Bf8 15. Nh2 d5 16. Qf3 Ne6 17. Nf5 Kh8 18. h4 c5 19. Bg5 Nxg5 20. hxg5 Ng8 21. Qg3 g6 22. Ne3 d4 23. Nef1 Rc8 24. Nf3 Bg7 25. Rac1 c4 26. Red1 dxc3 27. bxc3 cxd3 28. Rxd3 Qc7 29. Rcd1 Re7 30. Qg4 f5 31. exf5 e4 32. Nh4 exd3 33. Rxd3 Nf6 34. gxf6 Bxf6 35. Nxg6+ hxg6 36. Qxg6 Rf7 37. Rh3+ Rh7 38. Qxf6+ Qg7 39. Qxg7+ Kxg7 40. f6+ 1-0

[Event "Stuttgart-chA int"]
[Site "Ditzingen"]
[Date "2005.05.07"]
[Round "6"]
[White "Ragnarsson, Johann Hjortur"]
[Black "Weeks, Manuel William"]
[Result "1/2-1/2"]
[WhiteElo "2171"]
[BlackElo "2238"]
[PlyCount "35"]
[EventDate "2005.05.05"]
[EventType "swiss"]
[EventRounds "7"]
[EventCountry "GER"]
[SourceTitle "EXT 2018"]
[Source "ChessBase"]
[SourceDate "2017.10.13"]
[SourceVersion "1"]
[SourceVersionDate "2017.10.13"]
[SourceQuality "1"]

1. d4 Nf6 2. c4 e6 3. Nc3 Bb4 4. f3 0-0 5. e4 d5 6. e5 Nfd7 7. cxd5 exd5 8. a3 Bxc3+ 9. bxc3 f6 10. exf6 Qxf6 11. Bd3 Nb6 12. Ne2 Bf5 13. 0-0 Bxd3 14. Qxd3 Nc6 15. Nf4 Rad8 16. Ra2 Rfe8 17. Re2 Re7 18. Rfe1 1/2-1/2

[Event "Stuttgart-chA int"]
[Site "Ditzingen"]
[Date "2005.05.06"]
[Round "4"]
[White "Meijers, Viesturs"]
[Black "Weeks, Manuel William"]
[Result "1-0"]
[WhiteElo "2486"]
[BlackElo "2238"]
[PlyCount "72"]
[EventDate "2005.05.05"]
[EventType "swiss"]
[EventRounds "7"]
[EventCountry "GER"]
[SourceTitle "EXT 2018"]
[Source "ChessBase"]
[SourceDate "2017.10.13"]
[SourceVersion "1"]
[SourceVersionDate "2017.10.13"]
[SourceQuality "1"]

1. e4 c5 2. Nf3 Nc6 3. d4 cxd4 4. Nxd4 g6 5. c4 Nf6 6. Nc3 d6 7. Nc2 Bg7 8. Be2 0-0 9. 0-0 Nd7 10. Rb1 Nc5 11. f3 b6 12. Be3 Bb7 13. Qd2 Rc8 14. Rfc1 Ne5 15. Nd4 Ne6 16. Nxe6 fxe6 17. b3 Nc6 18. b4 Ba8 19. a4 e5 20. Bd1 Kh8 21. Ne2 Rb8 22. a5 bxa5 23. b5 Nb4 24. Bxa7 Rb7 25. Bf2 Rb8 26. Nc3 e6 27. Be2 Bf6 28. Rd1 Be7 29. Ra1 Bb7 30. Qb2 Ra8 31. c5 d5 32. c6 Bc8 33. Na4 d4 34. Rac1 Bg5 35. Rc5 Bf6 36. b6 Bb7 1-0

[Event "Stuttgart-chA int"]
[Site "Ditzingen"]
[Date "2005.05.06"]
[Round "3"]
[White "Weeks, Manuel William"]
[Black "Zeller, Frank"]
[Result "1/2-1/2"]
[WhiteElo "2238"]
[BlackElo "2426"]
[PlyCount "48"]
[EventDate "2005.05.05"]
[EventType "swiss"]
[EventRounds "7"]
[EventCountry "GER"]
[SourceTitle "EXT 2018"]
[Source "ChessBase"]
[SourceDate "2017.10.13"]
[SourceVersion "1"]
[SourceVersionDate "2017.10.13"]
[SourceQuality "1"]

1. e4 d5 2. exd5 Nf6 3. d4 Bg4 4. Be2 Bxe2 5. Qxe2 Qxd5 6. Nf3 e6 7. c4 Bb4+ 8. Nc3 Qf5 9. 0-0 0-0 10. Ne5 Nc6 11. g4 Nxg4 12. Qxg4 Qxg4+ 13. Nxg4 Nxd4 14. Be3 Rfd8 15. Bxd4 Rxd4 16. Ne3 Rd2 17. Rab1 f5 18. a3 Be7 19. Rfd1 Rad8 20. Nf1 R2d4 21. Rxd4 Rxd4 22. Ne3 Rd2 23. Nf1 Rd4 24. Ne3 Rd2 1/2-1/2

[Event "Stuttgart-chA int"]
[Site "Ditzingen"]
[Date "2005.05.05"]
[Round "1"]
[White "Weeks, Manuel William"]
[Black "Glatzel, Hans Joachim"]
[Result "1-0"]
[WhiteElo "2238"]
[BlackElo "1999"]
[PlyCount "57"]
[EventDate "2005.05.05"]
[EventType "swiss"]
[EventRounds "7"]
[EventCountry "GER"]
[SourceTitle "EXT 2018"]
[Source "ChessBase"]
[SourceDate "2017.10.13"]
[SourceVersion "1"]
[SourceVersionDate "2017.10.13"]
[SourceQuality "1"]

1. e4 e6 2. d4 d5 3. Nd2 dxe4 4. Nxe4 Nf6 5. Nxf6+ Qxf6 6. Nf3 h6 7. Bd3 Bd6 8. 0-0 0-0 9. Qe2 Qe7 10. b3 Nd7 11. Bb2 Ba3 12. Bxa3 Qxa3 13. c4 Nf6 14. Rfe1 Qd6 15. Rad1 b6 16. Ne5 Bb7 17. Bb1 Rad8 18. Qc2 Qe7 19. Ng4 g6 20. Ne5 Qe8 21. Rd3 Kg7 22. d5 Rd6 23. Red1 Bc8 24. Qb2 Kh7 25. Qc1 Rh8 26. Rg3 Rg8 27. Rh3 Qf8 28. Nxf7 exd5 29. Rxh6+ 1-0